| 000 | 00580nam a22001933a 4500 | ||
|---|---|---|---|
| 005 | 20210223124559.0 | ||
| 008 | 010531s2000 mx r 000 0 spa d | ||
| 020 | _a9701849612 | ||
| 035 | _aUPN01000116468 | ||
| 049 | _aI | ||
| 050 | 4 |
_aND1146 A7 _bB3.58 |
|
| 100 | 1 |
_aBaumbusch, Brigitte _930314 |
|
| 245 | 1 | 0 |
_aMares / _cBrigitte Baumbusch ; tr. Sergio Martínez. |
| 260 |
_a[México] : _bCNCA, Dirección General de Publicaciones, _c2000. |
||
| 300 |
_a29 p. : _bil. col. |
||
| 440 | 0 | _aArte para niños | |
| 650 | 4 |
_aPINTURA - _xCRITICA E INTERPRETACION |
|
| 905 | _aInfantil | ||
| 999 |
_c89205 _d89205 |
||